[Event "Pelotas Gaucho op"]
[Site "Pelotas"]
[Date "2023.10.14"]
[Round "5"]
[White "Lima, Joao Pedro Bastos"]
[Black "De Lima, Fernando Teixeira"]
[Result "0-1"]
[WhiteElo "1800"]
[BlackElo "1825"]
[PlyCount "70"]
[EventDate "2023.10.12"]
[EventType "swiss"]
[EventRounds "7"]
[EventCountry "BRA"]
[SourceTitle "CBM 216 Extra"]
[Source "ChessBase"]
[SourceDate "2023.11.30"]
[SourceVersion "1"]
[SourceVersionDate "2023.11.30"]
[SourceQuality "1"]

1. b3 c5 2. Bb2 Nc6 3. Nf3 d6 4. g3 e5 5. d3 Nge7 6. Bg2 g6 7. 0-0 Bg7 8. c4 0-0 9. Qd2 Bd7 10. e3 f5 11. d4 e4 12. Ne1 Qc7 13. dxc5 dxc5 14. Bxg7 Kxg7 15. Nc3 a6 16. f3 exf3 17. Nxf3 Rad8 18. Qb2 Kg8 19. e4 Bc8 20. Nd5 Nxd5 21. exd5 Nb8 22. Rae1 Rfe8 23. Ng5 Qd6 24. Rxe8+ Rxe8 25. Ne6 Re7 26. Re1 b6 27. Qf6 Bxe6 28. Rxe6 Rxe6 29. Qxe6+ Qxe6 30. dxe6 Kf8 31. Bd5 Ke7 32. Kf2 a5 33. Ke3 g5 34. Kf3 h6 35. h3 Na6 0-1